Union States of the U.S Civil War - Statistics

General Stats
  • This quiz has been taken 152 times
  • The average score is 17 of 20
Answer Stats
Union States % Correct
New York
98%
Maine
96%
Vermont
93%
New Hampshire
92%
Ohio
92%
Pennsylvania
92%
Illinois
90%
Indiana
90%
New Jersey
90%
Massachusetts
89%
Minnesota
89%
Rhode Island
88%
Michigan
87%
California
86%
Iowa
85%
Wisconsin
85%
Connecticut
84%
Kansas
78%
Oregon
76%
Nevada
57%
No matching quizzes found
Score Distribution
Percent of People with Each Score
Percentile by Number Answered
Your Score History
You have not taken this quiz